The New international economic order (Record no. 52144)
[ view plain ]
| 000 -LEADER | |
|---|---|
| fixed length control field | 00680nam a2200181 a 4500 |
| 008 - FIXED-LENGTH DATA ELEMENTS--GENERAL INFORMATION | |
| fixed length control field | 120416s1983 ||||||||||||||||| || u |
| 020 ## - INTERNATIONAL STANDARD BOOK NUMBER | |
| International Standard Book Number | 0333345258 |
| 050 ## - LIBRARY OF CONGRESS CALL NUMBER | |
| Classification number | HF 1411 Har |
| 100 ## - MAIN ENTRY--PERSONAL NAME | |
| Personal name | Hart, Jeffrey A |
| 245 14 - TITLE STATEMENT | |
| Title | The New international economic order |
| 246 ## - VARYING FORM OF TITLE | |
| Title proper/short title | conflict and cooperation in North-South economic relations, 1974-77 |
| 260 ## - PUBLICATION, DISTRIBUTION, ETC. | |
| Place of publication, distribution, etc. | Basingstole |
| Name of publisher, distributor, etc. | Macmillan P |
| Date of publication, distribution, etc. | 1983 (1985) |
| 300 ## - PHYSICAL DESCRIPTION | |
| Extent | xviii, 180p. : ill. |
| 350 ## - PRICE (NR) (BK AM CF MU VM SE) [OBSOLETE] | |
| Price | 0.00 |
| 650 #0 - SUBJECT ADDED ENTRY--TOPICAL TERM | |
| Topical term or geographic name entry element | ECONOMICS |
| 650 #0 - SUBJECT ADDED ENTRY--TOPICAL TERM | |
| Topical term or geographic name entry element | INTERNATIONAL ECONOMIC RELATIONS |
| 995 ## - RECOMMENDATION 995 [LOCAL, UNIMARC FRANCE] | |
| -- | 0.00 |
| -- | CBU-MAIN LIBRARY (Kitwe) |
| -- | 1 |
| -- | 29.50 |
| -- | 1 |
| -- | AVAILABLE |
| -- | Annex Low-Usage Collection |
| Withdrawn status | Lost status | Source of classification or shelving scheme | Damaged status | Not for loan | Home library | Current library | Shelving location | Date acquired | Total Checkouts | Full call number | Barcode | Date last seen | Price effective from | Koha item type |
|---|---|---|---|---|---|---|---|---|---|---|---|---|---|---|
| CBU-MAIN LIBRARY, KITWE. | CBU-MAIN LIBRARY, KITWE. | 11/30/2022 | HF 1411 Har | 004647 | 11/30/2022 | 11/30/2022 | MONOGRAPH |